[Event "NAYCC U16-U18 w"]
[Site "Windsor CAN"]
[Date "2016.08.08"]
[Round "2.28"]
[White "Kaneshalingam, Mathanhe"]
[Black "Laurrabaquio Ramirez, Itzel At"]
[Result "0-1"]
[WhiteElo "1631"]
[BlackElo "1470"]
[PlyCount "76"]
[EventDate "2016.08.07"]
[EventType "swiss"]
[EventRounds "9"]
[EventCountry "CAN"]

1. e4 c5 2. Nc3 d6 3. f4 g6 4. Nf3 Bg7 5. Bb5+ Nc6 6. O-O Bd7 7. Bxc6 Bxc6 8.
d3 Nf6 9. e5 dxe5 10. fxe5 Nd5 11. Nxd5 Qxd5 12. Qe2 O-O 13. Bf4 Qd7 14. Qe3 b6
15. Kh1 f6 16. Rae1 Rac8 17. Bh6 Qd5 18. Bxg7 Kxg7 19. c4 Qd7 20. Nh4 Qg4 21.
Rf4 Qh5 22. Nf3 g5 23. Rf5 Qg6 24. g4 h5 25. h3 hxg4 26. hxg4 Rh8+ 27. Kg1 Rh4
28. Nxh4 gxh4 29. Qh3 Bd7 30. e6 Bc6 31. Kf2 Rh8 32. Rg1 Kf8 33. Ke2 Qg8 34.
Qe3 h3 35. Rh5 h2 36. Rxh8 Qxh8 37. Rh1 Bxh1 38. Qg3 Bf3+ 0-1

[Event "NAYCC U16-U18 w"]
[Site "Windsor CAN"]
[Date "2016.08.08"]
[Round "3.18"]
[White "Demchenko, Svitlana"]
[Black "Ouellet, Maili-Jade"]
[Result "0-1"]
[WhiteElo "1828"]
[BlackElo "1906"]
[PlyCount "70"]
[EventDate "2016.08.07"]
[EventType "swiss"]
[EventRounds "9"]
[EventCountry "CAN"]

1. e4 c5 2. Nf3 e6 3. g3 Nc6 4. d3 g6 5. Bg2 Bg7 6. c3 Nge7 7. O-O O-O 8. Qe2
b6 9. e5 Ba6 10. c4 f6 11. exf6 Bxf6 12. Bh6 Re8 13. Nc3 Nf5 14. Bd2 d5 15. g4
Nd6 16. Ne1 Nd4 17. Qd1 dxc4 18. Bxa8 Qxa8 19. f3 cxd3 20. Kg2 e5 21. Qa4 Bb7
22. Kg3 c4 23. Be3 N6f5+ 24. gxf5 Nxf5+ 25. Kf2 Bh4+ 26. Kg1 Nxe3 27. Ng2 Bg5
28. Rf2 Qc8 29. Ne4 Bxe4 30. fxe4 a6 31. Re1 b5 32. Qa5 Ng4 33. Rf3 Qc5+ 34.
Kh1 Nf2+ 35. Rxf2 Qxf2 0-1

[Event "NAYCC U16-U18 w"]
[Site "Windsor CAN"]
[Date "2016.08.08"]
[Round "3.19"]
[White "Nguyen, Emily"]
[Black "Samadashvili, Martha"]
[Result "1/2-1/2"]
[WhiteElo "2067"]
[BlackElo "1791"]
[PlyCount "111"]
[EventDate "2016.08.07"]
[EventType "swiss"]
[EventRounds "9"]
[EventCountry "CAN"]

1. d4 d5 2. c4 c6 3. cxd5 cxd5 4. Nf3 Nf6 5. Nc3 Nc6 6. Bf4 Bf5 7. e3 e6 8. Bb5
Nd7 9. O-O Rc8 10. Rc1 Be7 11. Na4 O-O 12. Bxc6 bxc6 13. Ne5 Nxe5 14. Bxe5 f6
15. Bg3 Qa5 16. a3 Qb5 17. b4 a5 18. Nc3 Qa6 19. Qa4 Bd3 20. Rfd1 axb4 21. axb4
Ra8 22. Qxa6 Bxa6 23. Rb1 Bb5 24. Bc7 Rfc8 25. Bb6 Ra3 26. Nxb5 cxb5 27. Bc5
Kf7 28. Kf1 Ra4 29. Ke2 Ra2+ 30. Rd2 Ra4 31. Kd3 Ke8 32. Rc2 Bd8 33. Rbb2 Rca8
34. Bd6 Ra3+ 35. Kd2 Kd7 36. Bf8 g6 37. Rc3 Rxc3 38. Kxc3 Bc7 39. Bc5 Ra4 40.
Kd2 Ra1 41. g3 Rf1 42. Kd3 Ra1 43. Kc2 Ra3 44. Kb1 Bd8 45. Ra2 Rxa2 46. Kxa2 f5
47. Kb3 Ke8 48. Kc2 Kf7 49. Kd3 g5 50. f3 h5 51. e4 fxe4+ 52. fxe4 Bc7 53. Ke3
Kg6 54. e5 Bd8 55. h3 Kf5 56. Bd6 1/2-1/2

[Event "NAYCC U16-U18 w"]
[Site "Windsor CAN"]
[Date "2016.08.08"]
[Round "3.20"]
[White "Qiao, Cindy"]
[Black "Matus, Nastassja"]
[Result "0-1"]
[WhiteElo "1699"]
[BlackElo "1806"]
[PlyCount "80"]
[EventDate "2016.08.07"]
[EventType "swiss"]
[EventRounds "9"]
[EventCountry "CAN"]

1. e4 c5 2. Nf3 e6 3. d4 cxd4 4. Nxd4 Nc6 5. Nc3 Qc7 6. Be3 a6 7. a4 Nf6 8. Nb3
Bb4 9. Bd3 d5 10. exd5 Nxd5 11. Bd2 Nxc3 12. Bxc3 Bxc3+ 13. bxc3 Qe5+ 14. Qe2
Qxc3+ 15. Qd2 Qe5+ 16. Qe2 O-O 17. O-O Qxe2 18. Bxe2 e5 19. Bf3 Bf5 20. Bxc6
bxc6 21. Na5 c5 22. Rfe1 f6 23. Re2 Rab8 24. c3 Bd3 25. Rd2 c4 26. Nc6 Rb3 27.
Nb4 Rxc3 28. Nxa6 Ra8 29. Nc5 Ra5 30. Nb7 Rxa4 31. Rad1 e4 32. Nc5 Ra5 33. Nxd3
Rxd3 34. Kf1 c3 35. Rxd3 exd3 36. Ke1 Re5+ 37. Kf1 c2 38. Ra1 d2 39. Ra8+ Kf7
40. Ra7+ Kg6 0-1

[Event "NAYCC U16-U18 w"]
[Site "Windsor CAN"]
[Date "2016.08.08"]
[Round "3.21"]
[White "Tao, Rachel"]
[Black "Liu, Joanna"]
[Result "1/2-1/2"]
[WhiteElo "1628"]
[BlackElo "1956"]
[PlyCount "58"]
[EventDate "2016.08.07"]
[EventType "swiss"]
[EventRounds "9"]
[EventCountry "CAN"]

1. e4 c5 2. Nf3 d6 3. c4 Bg4 4. Be2 Nc6 5. h3 Bh5 6. Nc3 Nf6 7. O-O e6 8. d3
Be7 9. Be3 O-O 10. d4 cxd4 11. Nxd4 Bxe2 12. Qxe2 a6 13. a3 Rc8 14. b3 Na5 15.
Qb2 Qc7 16. Rac1 Nd7 17. Nce2 Nc5 18. Qc2 e5 19. b4 exd4 20. Nxd4 Ne6 21. bxa5
Qxa5 22. Nf5 Qc7 23. Nxe7+ Qxe7 24. Qd1 Rc6 25. Qd5 Nc7 26. Qd3 Rc8 27. Rb1 Ne6
28. Qd5 h6 29. f3 Nd8 1/2-1/2

[Event "NAYCC U16-U18 w"]
[Site "Windsor CAN"]
[Date "2016.08.08"]
[Round "3.22"]
[White "Davis, Katherine"]
[Black "Ding, Kimberly"]
[Result "1/2-1/2"]
[WhiteElo "1780"]
[BlackElo "1966"]
[PlyCount "78"]
[EventDate "2016.08.07"]
[EventType "swiss"]
[EventRounds "9"]
[EventCountry "CAN"]

1. e4 e6 2. d4 d5 3. Nd2 Nf6 4. e5 Nfd7 5. f4 c5 6. Ngf3 Nc6 7. Nb3 Qb6 8. c3
f6 9. Be2 Be7 10. exf6 Nxf6 11. O-O O-O 12. Kh1 Ne4 13. dxc5 Bxc5 14. Nxc5 Qxc5
15. Qe1 Bd7 16. Bd3 Nf6 17. Be3 Qd6 18. Bd2 Rae8 19. Ne5 Bc8 20. Qe2 g6 21.
Rae1 Kg7 22. Bc1 Nd7 23. Nxc6 bxc6 24. Qe3 a6 25. f5 gxf5 26. Qh6+ Kh8 27. Bxf5
Qe7 28. Bg6 Rxf1+ 29. Rxf1 Rf8 30. Rxf8+ Nxf8 31. Bg5 Qg7 32. Be8 Qxh6 33. Bxh6
Bd7 34. Bxf8 Bxe8 35. Bd6 Kg7 36. Kg1 Kf6 37. Kf2 Kf5 38. Ke3 e5 39. b4 Bf7
1/2-1/2

[Event "NAYCC U16-U18 w"]
[Site "Windsor CAN"]
[Date "2016.08.08"]
[Round "3.23"]
[White "Liu, Miranda"]
[Black "Eirew, Pepi"]
[Result "1-0"]
[WhiteElo "1902"]
[BlackElo "1074"]
[PlyCount "159"]
[EventDate "2016.08.07"]
[EventType "swiss"]
[EventRounds "9"]
[EventCountry "CAN"]

1. e4 e6 2. d4 d5 3. Nd2 c5 4. Ngf3 Nc6 5. exd5 exd5 6. Be2 cxd4 7. Nb3 Bb4+ 8.
Bd2 Nge7 9. O-O Be6 10. Nbxd4 Bxd2 11. Qxd2 Qb6 12. c3 O-O 13. Rfe1 Rfe8 14.
Rad1 Rad8 15. Qc2 Rc8 16. Qb1 Nxd4 17. Nxd4 Bd7 18. Bf3 Ba4 19. Rc1 Rcd8 20.
Bd1 Bxd1 21. Rcxd1 Qg6 22. Qc1 Nf5 23. Qf4 Nxd4 24. Qxd4 Rxe1+ 25. Rxe1 h6 26.
Qxa7 b6 27. Qe7 Rd6 28. h3 d4 29. cxd4 Rxd4 30. Qe3 Rh4 31. Kh1 f5 32. a3 Re4
33. Qb3+ Kh7 34. Rxe4 fxe4 35. Qe3 Kh8 36. a4 Qf6 37. Qd2 Qc6 38. b3 g5 39.
Qd4+ Kh7 40. Qe3 Kg6 41. f3 exf3 42. Qxf3 Qc1+ 43. Kh2 Qc7+ 44. Qg3 Qc6 45.
Qd3+ Kg7 46. Qd4+ Kg6 47. b4 Qc7+ 48. Kh1 Qc1+ 49. Qg1 Qc6 50. a5 bxa5 51. bxa5
Qa4 52. Qb1+ Kh5 53. Qe1 Qb5 54. Qd1+ Kg6 55. Qd6+ Kh5 56. Kh2 g4 57. hxg4+
Kxg4 58. Qg6+ Kf4 59. Qxh6+ Ke4 60. Qg6+ Kd4 61. Qb6+ Kc4 62. Qxb5+ Kxb5 63. g4
Kxa5 64. g5 Kb4 65. g6 Kc4 66. g7 Kd4 67. Kg3 Ke5 68. Kg4 Kf6 69. g8=Q Ke5 70.
Qd8 Ke4 71. Qd6 Ke3 72. Qd5 Ke2 73. Qf3+ Kd2 74. Kf4 Kc2 75. Ke4 Kb2 76. Qd3
Kc1 77. Qe2 Kb1 78. Kd3 Ka1 79. Kc3 Kb1 80. Qb2# 1-0

[Event "NAYCC U16-U18 w"]
[Site "Windsor CAN"]
[Date "2016.08.08"]
[Round "3.24"]
[White "Baker, Victoria"]
[Black "Wang, Constance"]
[Result "0-1"]
[WhiteElo "1516"]
[BlackElo "1886"]
[PlyCount "90"]
[EventDate "2016.08.07"]
[EventType "swiss"]
[EventRounds "9"]
[EventCountry "CAN"]

1. e4 c5 2. Nf3 d6 3. d4 cxd4 4. Nxd4 Nf6 5. Nc3 a6 6. Be3 e5 7. Nb3 Be6 8. f3
Be7 9. Qd2 O-O 10. g4 Nbd7 11. h4 b5 12. h5 b4 13. Na4 a5 14. g5 Ne8 15. g6
Bh4+ 16. Kd1 Qf6 17. gxh7+ Kh8 18. Qg2 Qe7 19. Kd2 Bf6 20. Rg1 d5 21. Nbc5 d4
22. Bg5 Nxc5 23. Bxf6 Nxe4+ 24. fxe4 Qxf6 25. Re1 Rc8 26. Bd3 Nd6 27. Ref1 Qh6+
28. Qg5 Qxg5+ 29. Rxg5 f6 30. Rg3 Kxh7 31. Rfg1 Rc7 32. Be2 Nxe4+ 33. Kd1 Nxg3
34. Rxg3 f5 35. Rg6 Rf6 36. Rxf6 gxf6 37. Kd2 e4 38. Nb6 f4 39. b3 f3 40. Bf1
e3+ 41. Kd1 e2+ 42. Bxe2 fxe2+ 43. Kxe2 Rxc2+ 44. Kd3 Rxa2 45. Kxd4 Bxb3 0-1

[Event "NAYCC U16-U18 w"]
[Site "Windsor CAN"]
[Date "2016.08.08"]
[Round "3.25"]
[White "Gillan, Rahma"]
[Black "Trakru, Priya"]
[Result "0-1"]
[WhiteElo "1416"]
[BlackElo "1816"]
[PlyCount "100"]
[EventDate "2016.08.07"]
[EventType "swiss"]
[EventRounds "9"]
[EventCountry "CAN"]

1. e4 c5 2. Nf3 e6 3. d4 cxd4 4. Nxd4 a6 5. g3 Nf6 6. Bg2 Qc7 7. O-O Nc6 8. c3
d6 9. Bg5 Be7 10. Nd2 h6 11. Be3 Ne5 12. Qe2 Neg4 13. Nc2 Nxe3 14. Nxe3 Bd7 15.
Rfd1 Bc6 16. c4 O-O 17. b3 Rfd8 18. Rac1 b6 19. Nc2 Bb7 20. Nd4 Rab8 21. Nb1
Nd7 22. Nb5 Qc5 23. Nd4 Bf6 24. Qd2 Qc7 25. Nb5 axb5 26. cxb5 Nc5 27. b4 Bxe4
28. Bxe4 Nxe4 29. Rxc7 Nxd2 30. Rxd2 d5 31. Rdc2 d4 32. f4 g5 33. a4 d3 34. Rd2
Ra8 35. Ra2 Rd4 36. Nd2 Rxb4 37. Rb7 Raxa4 38. Rxa4 Rxa4 39. Rxb6 Bd4+ 40. Kg2
Bxb6 41. Kf3 Ra2 42. Ne4 g4+ 43. Kxg4 f5+ 44. Kf3 fxe4+ 45. Kxe4 d2 46. Ke5
d1=Q 47. Kxe6 Re2+ 48. Kf5 Qd7+ 49. Kg6 Qg4+ 50. Kxh6 Re6# 0-1

[Event "NAYCC U16-U18 w"]
[Site "Windsor CAN"]
[Date "2016.08.08"]
[Round "3.26"]
[White "Laurrabaquio Ramirez, Itzel At"]
[Black "Luo, Maggie"]
[Result "0-1"]
[WhiteElo "1470"]
[BlackElo "1672"]
[PlyCount "76"]
[EventDate "2016.08.07"]
[EventType "swiss"]
[EventRounds "9"]
[EventCountry "CAN"]

1. c4 Nf6 2. b3 e6 3. Bb2 d5 4. e3 c5 5. f4 Nc6 6. Nf3 Be7 7. Be2 O-O 8. O-O d4
9. Qc1 d3 10. Bd1 Ne4 11. Nc3 f5 12. Ne5 Nxe5 13. fxe5 b6 14. Bf3 Bb7 15. Nd1
Qd7 16. Nf2 Rad8 17. Nh3 g5 18. Bxe4 Bxe4 19. Qd1 Qe8 20. Qe1 Qh5 21. Qg3 Kh8
22. Nf2 Bb7 23. Nh3 Qh6 24. Nf2 Rg8 25. Rae1 g4 26. Rd1 Bf3 27. Rb1 Bh4 28. Qf4
Bg5 29. Qg3 f4 30. Nxg4 Bxg4 31. Qxg4 fxe3 32. Qe4 e2 33. Rf6 Rg6 34. Qf3 Bxd2
35. Rxg6 Qe3+ 36. Qxe3 Bxe3+ 37. Kh1 hxg6 38. Bc3 Rf8 0-1

[Event "NAYCC U16-U18 w"]
[Site "Windsor CAN"]
[Date "2016.08.08"]
[Round "3.28"]
[White "Cui, Cynthia"]
[Black "Bhanji, Zaynah"]
[Result "1-0"]
[WhiteElo "1508"]
[BlackElo "1489"]
[PlyCount "131"]
[EventDate "2016.08.07"]
[EventType "swiss"]
[EventRounds "9"]
[EventCountry "CAN"]

1. c4 c5 2. g3 g6 3. Bg2 Bg7 4. Nf3 Nf6 5. Nc3 Nc6 6. O-O d6 7. a3 O-O 8. Rb1
a5 9. d3 Bd7 10. Re1 Qc8 11. Na4 Qc7 12. Qb3 Rab8 13. Nb6 Be6 14. Bd2 Nd7 15.
Nd5 Qd8 16. Nf4 Bg4 17. h3 Bxf3 18. Bxf3 Nf6 19. Bg2 Qd7 20. e3 Ra8 21. Qb5
Rfb8 22. Bc3 Nd8 23. Qxd7 Nxd7 24. Bxg7 Kxg7 25. b4 axb4 26. axb4 Nc6 27. bxc5
Nxc5 28. d4 Nd7 29. Rb2 Ra7 30. Reb1 Nd8 31. Nd5 Kf8 32. Nb4 Rba8 33. Nd3 Rb8
34. c5 dxc5 35. Nxc5 b6 36. Nxd7+ Rxd7 37. Rxb6 Rc8 38. Rb8 Rdc7 39. Bf3 Kg7
40. Rxc8 Rxc8 41. Ra1 Rc7 42. Kg2 Nc6 43. Rc1 Ra7 44. Rxc6 Rd7 45. d5 Kg8 46.
e4 Kg7 47. e5 Kg8 48. d6 exd6 49. exd6 Kf8 50. Bg4 Rd8 51. Rc8 Rxc8 52. Bxc8
Ke8 53. d7+ Kd8 54. Kf3 h6 55. h4 Ke7 56. Ke4 f6 57. g4 Kd8 58. f4 Ke7 59. g5
hxg5 60. hxg5 fxg5 61. fxg5 Kd8 62. Ke5 Ke7 63. Kd5 Kd8 64. Ke6 Kc7 65. Ke7 Kc6
66. d8=Q 1-0

[Event "NAYCC U16-U18 w"]
[Site "Windsor CAN"]
[Date "2016.08.09"]
[Round "4.17"]
[White "Ouellet, Maili-Jade"]
[Black "Matus, Nastassja"]
[Result "1-0"]
[WhiteElo "1906"]
[BlackElo "1806"]
[PlyCount "129"]
[EventDate "2016.08.07"]
[EventType "swiss"]
[EventRounds "9"]
[EventCountry "CAN"]

1. d4 d5 2. c4 dxc4 3. e4 e5 4. Nf3 exd4 5. Bxc4 Nf6 6. e5 Nd5 7. O-O Be7 8.
Qxd4 Nb6 9. Qxd8+ Bxd8 10. Bb3 O-O 11. Bd2 h6 12. Bc3 c5 13. Nbd2 Bf5 14. Rfe1
Re8 15. Ne4 Be7 16. Nf6+ gxf6 17. exf6 c4 18. Bd1 Nc6 19. fxe7 Rxe7 20. Rxe7
Nxe7 21. Ne5 Ng6 22. Bf3 Nxe5 23. Bxe5 Re8 24. Bf4 Kh7 25. Bxb7 Re2 26. b3 c3
27. Bf3 Re7 28. Rc1 c2 29. g4 Bd3 30. Kg2 Nd7 31. Kg3 Re6 32. Bd5 Ra6 33. b4
Nf6 34. Bb3 Rc6 35. f3 Kg6 36. Kf2 Kg7 37. Ke3 Bg6 38. Kd2 Ra6 39. Be5 Rb6 40.
h4 Kg8 41. Bxc2 Nd7 42. Bc3 Ra6 43. h5 Bxc2 44. Rxc2 Rd6+ 45. Ke2 Nb6 46. Rd2
Re6+ 47. Kf2 Re8 48. Bf6 Nc4 49. Rd7 Ra8 50. f4 Nb6 51. Rd4 Rc8 52. g5 hxg5 53.
fxg5 Rc2+ 54. Ke3 Rc8 55. b5 Nc4+ 56. Kf4 Na3 57. Rd5 Rb8 58. Be5 Rc8 59. g6
fxg6 60. hxg6 Rf8+ 61. Kg5 Nc4 62. Bf6 Nb6 63. Rd4 Rc8 64. Kf5 Re8 65. Rh4 1-0

[Event "NAYCC U16-U18 w"]
[Site "Windsor CAN"]
[Date "2016.08.09"]
[Round "4.18"]
[White "Samadashvili, Martha"]
[Black "Demchenko, Svitlana"]
[Result "0-1"]
[WhiteElo "1791"]
[BlackElo "1828"]
[PlyCount "112"]
[EventDate "2016.08.07"]
[EventType "swiss"]
[EventRounds "9"]
[EventCountry "CAN"]

1. e4 c5 2. Nf3 e6 3. d4 cxd4 4. Nxd4 Nc6 5. Nb5 d6 6. Bf4 e5 7. Be3 Nf6 8. Bg5
Be6 9. Bxf6 gxf6 10. N5c3 f5 11. exf5 Bxf5 12. Bd3 Qg5 13. Bxf5 Qxf5 14. Nd5
Qe4+ 15. Ne3 Bh6 16. Nc3 Qg6 17. Ncd5 Bxe3 18. Nxe3 O-O-O 19. Qd2 d5 20. f3 d4
21. Nc4 Rhg8 22. Rg1 e4 23. f4 e3 24. Qe2 Qh6 25. O-O-O Qxh2 26. f5 Qg3 27. Qf3
Qxf3 28. gxf3 Kc7 29. Rh1 Rg5 30. Rxh7 Rxf5 31. Rh3 b5 32. Na3 a6 33. f4 Rxf4
34. c3 e2 35. Re1 d3 36. Nb1 Rf1 37. Rh1 Rxe1+ 38. Rxe1 Ne5 39. Nd2 Nc4 40.
Nxc4 bxc4 41. Kd2 Kc6 42. b3 Kc5 43. Rh1 f5 44. b4+ Kd5 45. Rh4 Rc8 46. a4 Rc6
47. Ke1 Ke5 48. Kd2 f4 49. Rh5+ Ke4 50. b5 axb5 51. axb5 Rg6 52. Rh1 Rb6 53.
Rh5 Kf3 54. Rh3+ Kg4 55. Rh1 Rxb5 56. Rg1+ Kf3 0-1

[Event "NAYCC U16-U18 w"]
[Site "Windsor CAN"]
[Date "2016.08.09"]
[Round "4.19"]
[White "Wang, Constance"]
[Black "Nguyen, Emily"]
[Result "1-0"]
[WhiteElo "1886"]
[BlackElo "2067"]
[PlyCount "65"]
[EventDate "2016.08.07"]
[EventType "swiss"]
[EventRounds "9"]
[EventCountry "CAN"]

1. e4 c5 2. Nf3 e6 3. d4 cxd4 4. Nxd4 Nf6 5. Nc3 d6 6. Be2 a6 7. Be3 Be7 8. O-O
O-O 9. a4 Qc7 10. f4 Nc6 11. Kh1 Re8 12. Bf3 Bd7 13. Qe1 Nxd4 14. Bxd4 Bc6 15.
e5 Nd7 16. Qg3 dxe5 17. fxe5 Bc5 18. Bxc5 Nxc5 19. b4 Nd7 20. Bh5 g6 21. Rae1
Rac8 22. Bf3 Rf8 23. Bxc6 Qxc6 24. Ne4 Qxa4 25. Qg5 Kg7 26. Nd6 Rxc2 27. Qe7
Qc6 28. Rxf7+ Rxf7 29. Qxf7+ Kh8 30. Qe8+ Kg7 31. Qf7+ Kh8 32. Rg1 Rc1 33. h3
1-0

[Event "NAYCC U16-U18 w"]
[Site "Windsor CAN"]
[Date "2016.08.09"]
[Round "4.20"]
[White "Davis, Katherine"]
[Black "Liu, Miranda"]
[Result "1-0"]
[WhiteElo "1780"]
[BlackElo "1902"]
[PlyCount "115"]
[EventDate "2016.08.07"]
[EventType "swiss"]
[EventRounds "9"]
[EventCountry "CAN"]

1. e4 c5 2. c3 d5 3. exd5 Qxd5 4. d4 Nf6 5. Nf3 Bg4 6. Be2 e6 7. Na3 Nc6 8. Be3
cxd4 9. Nb5 Qd8 10. Nbxd4 Nxd4 11. Bxd4 Be7 12. Qa4+ Kf8 13. Bxf6 Bxf6 14. Qxg4
a5 15. O-O h5 16. Qe4 g5 17. Nd4 Qe7 18. Rad1 h4 19. h3 Rc8 20. Bf3 Kg7 21.
Rfe1 Rc7 22. Re2 Rhc8 23. Red2 Kh6 24. Nb3 b6 25. Qa4 Rc4 26. Qd7 a4 27. Qxe7
Bxe7 28. Nd4 a3 29. Be2 R4c5 30. c4 Re5 31. bxa3 Bxa3 32. Nc2 Bc5 33. Bf3 f5
34. a4 Rg8 35. Re2 Rxe2 36. Bxe2 g4 37. Kf1 Kg5 38. Nd4 Kf6 39. Nb3 Bb4 40. Ra1
gxh3 41. gxh3 Ra8 42. Bf3 Ra7 43. Bc6 e5 44. Rd1 Rc7 45. Bb5 Ke6 46. Rd8 f4 47.
Rh8 Be7 48. Rb8 Kf5 49. Rxb6 f3 50. a5 Ra7 51. a6 Ra8 52. c5 Rd8 53. Ke1 Bg5
54. a7 Ra8 55. Ra6 Bf4 56. Bc6 Rg8 57. Bxf3 e4 58. Bg4+ 1-0

[Event "NAYCC U16-U18 w"]
[Site "Windsor CAN"]
[Date "2016.08.09"]
[Round "4.21"]
[White "Trakru, Priya"]
[Black "Tao, Rachel"]
[Result "1-0"]
[WhiteElo "1816"]
[BlackElo "1628"]
[PlyCount "58"]
[EventDate "2016.08.07"]
[EventType "swiss"]
[EventRounds "9"]
[EventCountry "CAN"]

1. e4 c5 2. c3 Nc6 3. d4 cxd4 4. cxd4 e6 5. Nf3 Nf6 6. e5 Nd5 7. a3 d6 8. exd6
Bxd6 9. Nc3 Nde7 10. Bd3 h6 11. O-O O-O 12. Qe2 b6 13. Qe4 f5 14. Qe2 Bb8 15.
Bc4 Rf6 16. Rd1 Nd5 17. Ne5 Nxc3 18. bxc3 Qc7 19. Bf4 g5 20. Ng4 Qxf4 21. Nxf6+
Kf7 22. g3 Qd6 23. Nh5 Na5 24. Ba2 Bb7 25. d5 e5 26. g4 f4 27. Qe4 Kg8 28. Qf5
Kh8 29. Nf6 Qe7 1-0

[Event "NAYCC U16-U18 w"]
[Site "Windsor CAN"]
[Date "2016.08.09"]
[Round "4.22"]
[White "Ding, Kimberly"]
[Black "Vittal, Sanjana"]
[Result "1-0"]
[WhiteElo "1966"]
[BlackElo "1643"]
[PlyCount "72"]
[EventDate "2016.08.07"]
[EventType "swiss"]
[EventRounds "9"]
[EventCountry "CAN"]

1. e4 e5 2. Nf3 d6 3. Bc4 Be7 4. O-O Nf6 5. Re1 O-O 6. h3 c6 7. Bb3 Nbd7 8. c3
Re8 9. d4 h6 10. Nbd2 Bf8 11. Bc2 Qc7 12. Nf1 d5 13. exd5 Nxd5 14. Qd3 g6 15.
h4 f5 16. Nxe5 Nxe5 17. dxe5 Rxe5 18. Bd2 Rxe1 19. Rxe1 Bd7 20. Bb3 Kh7 21. h5
Nf6 22. hxg6+ Kxg6 23. Ng3 Rd8 24. Qf3 Bd6 25. Bc2 Bxg3 26. fxg3 Qb6+ 27. Kh1
Qxb2 28. Rc1 Qxa2 29. Qf4 Rh8 30. c4 Qa3 31. g4 Kf7 32. Bxf5 Bxf5 33. Qxf5 Qd6
34. Rf1 Rg8 35. Bxh6 Ke8 36. g5 Qd4 1-0

[Event "NAYCC U16-U18 w"]
[Site "Windsor CAN"]
[Date "2016.08.09"]
[Round "4.23"]
[White "Liu, Joanna"]
[Black "Cui, Cynthia"]
[Result "1/2-1/2"]
[WhiteElo "1956"]
[BlackElo "1508"]
[PlyCount "97"]
[EventDate "2016.08.07"]
[EventType "swiss"]
[EventRounds "9"]
[EventCountry "CAN"]

1. d4 d5 2. c4 e6 3. Nc3 Nf6 4. cxd5 exd5 5. Bg5 c6 6. e3 Bf5 7. Bd3 Bxd3 8.
Qxd3 Bd6 9. Nf3 Nbd7 10. O-O O-O 11. Rab1 a5 12. Rfc1 Re8 13. Qc2 h6 14. Bh4
Qb8 15. a3 Ne4 16. Bg3 Bxg3 17. hxg3 Ndf6 18. Nxe4 Nxe4 19. Nd2 Nxd2 20. Qxd2
Qc7 21. b4 Qe7 22. bxa5 Qxa3 23. Rxb7 Qxa5 24. Qxa5 Rxa5 25. Rc7 Re6 26. R7xc6
Rxc6 27. Rxc6 Ra1+ 28. Kh2 Ra2 29. f3 Ra3 30. Rc5 Rxe3 31. Rxd5 Rd3 32. g4 Kf8
33. Kg3 Rd2 34. f4 Ke7 35. f5 g6 36. Kf3 Rd3+ 37. Kf2 Rd2+ 38. Kg1 Rd3 39. Kh2
Rd2 40. Kh3 g5 41. Kg3 Rd3+ 42. Kf2 Rd2+ 43. Kf3 Rd3+ 44. Kf2 Rd2+ 45. Kg1 Rd1+
46. Kh2 Rd2 47. Kh3 Rd3+ 48. Kh2 Rd2 49. Kh3 1/2-1/2

[Event "NAYCC U16-U18 w"]
[Site "Windsor CAN"]
[Date "2016.08.09"]
[Round "4.24"]
[White "Luo, Maggie"]
[Black "Qiao, Cindy"]
[Result "0-1"]
[WhiteElo "1672"]
[BlackElo "1699"]
[PlyCount "94"]
[EventDate "2016.08.07"]
[EventType "swiss"]
[EventRounds "9"]
[EventCountry "CAN"]

1. e4 c5 2. d3 d6 3. g3 Nf6 4. Bg2 Nc6 5. f4 Qc7 6. Nf3 e6 7. O-O Be7 8. Nc3 d5
9. e5 Nd7 10. Qe2 a6 11. a4 Nb4 12. g4 g6 13. d4 Nb6 14. b3 cxd4 15. Nd1 Qxc2
16. Qxc2 Nxc2 17. Ra2 Nb4 18. Rd2 a5 19. Nxd4 Bc5 20. Bb2 Nc6 21. Nf2 Nxd4 22.
Bxd4 Bxd4 23. Rxd4 Bd7 24. Rc1 O-O 25. Rd2 Rac8 26. Rdc2 Rxc2 27. Rxc2 Rc8 28.
Rxc8+ Nxc8 29. Nd3 Bc6 30. Kf2 Nb6 31. Nc5 Kf8 32. Bf3 Ke7 33. Ke2 Nd7 34. Nd3
b5 35. axb5 Bxb5 36. Ke3 Bxd3 37. Kxd3 Nc5+ 38. Kc3 Kd7 39. b4 axb4+ 40. Kxb4
Nd3+ 41. Kc3 Nxf4 42. Kd4 g5 43. Bd1 Ke7 44. Bc2 h6 45. Ke3 f6 46. exf6+ Kxf6
47. h4 Ng2+ 0-1

[Event "NAYCC U16-U18 w"]
[Site "Windsor CAN"]
[Date "2016.08.09"]
[Round "4.25"]
[White "Eirew, Pepi"]
[Black "Kaneshalingam, Mathanhe"]
[Result "0-1"]
[WhiteElo "1074"]
[BlackElo "1631"]
[PlyCount "132"]
[EventDate "2016.08.07"]
[EventType "swiss"]
[EventRounds "9"]
[EventCountry "CAN"]

1. d4 d5 2. Nf3 Nf6 3. Bf4 e6 4. e3 c5 5. c3 Nc6 6. Bd3 Be7 7. Nbd2 O-O 8. dxc5
Bxc5 9. Qc2 h6 10. O-O-O Qe7 11. h3 e5 12. Bxe5 Nxe5 13. Nxe5 Qxe5 14. Rde1 Qd6
15. f4 Re8 16. e4 dxe4 17. Nxe4 Nxe4 18. Bxe4 Qxf4+ 19. Kb1 Be6 20. Qa4 Qc7 21.
Bd3 Rad8 22. Bc4 a6 23. Bxe6 Rxe6 24. Rxe6 fxe6 25. Qc4 Qc6 26. Re1 Qd5 27. Qe2
Qd3+ 28. Qxd3 Rxd3 29. Rxe6 Kf7 30. Re2 Re3 31. Rf2+ Ke6 32. Rf1 Rg3 33. Re1+
Re3 34. Rf1 Re2 35. b4 Bd6 36. g4 Re3 37. Rh1 Rxc3 38. h4 Bxb4 39. Re1+ Kd7 40.
Rf1 Ke8 41. Re1+ Be7 42. g5 h5 43. Re4 Rc5 44. Kb2 Rd5 45. a4 Kd7 46. Kb3 Rd3+
47. Kc2 Rd5 48. Kb3 Bxg5 49. hxg5 Rxg5 50. Rb4 Kc7 51. Rc4+ Kb8 52. Rh4 g6 53.
Rh1 Rg4 54. a5 h4 55. Kc2 g5 56. Ra1 h3 57. Rh1 Rg2+ 58. Kd3 h2 59. Kc4 g4 60.
Kc5 g3 61. Rf1 Rg1 62. Rf8+ Ka7 63. Kd6 h1=Q 64. Ke7 Re1+ 65. Kd7 Qd5+ 66. Kc7
Rc1# 0-1

[Event "NAYCC U16-U18 w"]
[Site "Windsor CAN"]
[Date "2016.08.09"]
[Round "4.26"]
[White "Baker, Victoria"]
[Black "Laurrabaquio Ramirez, Itzel At"]
[Result "0-1"]
[WhiteElo "1516"]
[BlackElo "1470"]
[PlyCount "134"]
[EventDate "2016.08.07"]
[EventType "swiss"]
[EventRounds "9"]
[EventCountry "CAN"]

1. e4 c5 2. Nf3 d6 3. d4 cxd4 4. Nxd4 Nf6 5. Nc3 g6 6. Be3 Bg7 7. f3 O-O 8. Qd2
Nc6 9. O-O-O Bd7 10. g4 Rc8 11. h4 h5 12. gxh5 Nxh5 13. Be2 Ng3 14. Rh2 Ne5 15.
Rg1 Nxe2+ 16. Qxe2 Nc4 17. h5 Qb6 18. Nb3 Qxe3+ 19. Qxe3 Nxe3 20. Re1 Nc4 21.
Nd1 Ba4 22. Kb1 Bxb3 23. axb3 Ne5 24. Rf1 f5 25. exf5 Rxf5 26. hxg6 Rxf3 27.
Rxf3 Nxf3 28. Rg2 Rf8 29. Ne3 e6 30. Kc1 Rf6 31. Nc4 Nh4 32. Rg4 Nxg6 33. Nxd6
Kf8 34. Nxb7 Ne5 35. Rg3 Nc6 36. Nc5 Kf7 37. c3 Ne5 38. Ne4 Bh6+ 39. Kc2 Rg6
40. Nd6+ Kf8 41. Rxg6 Nxg6 42. Nb5 Be3 43. Kd3 Bb6 44. b4 Ke7 45. c4 a6 46. Nd4
Bxd4 47. Kxd4 Kd6 48. c5+ Kc6 49. b3 Kb5 50. Kc3 Ne7 51. Kd4 Kxb4 52. Ke5 Kxc5
53. Kxe6 Nc6 54. Kf5 Kb4 55. Ke4 Kxb3 56. Kd3 a5 57. Kd2 a4 58. Kc1 a3 59. Kb1
Nb4 60. Ka1 Nc2+ 61. Kb1 a2+ 62. Kc1 a1=Q+ 63. Kd2 Qc3+ 64. Ke2 Qe3+ 65. Kf1
Qf3+ 66. Kg1 Ne3 67. Kh2 Qg2# 0-1

[Event "NAYCC U16-U18 w"]
[Site "Windsor CAN"]
[Date "2016.08.09"]
[Round "4.27"]
[White "Bhanji, Zaynah"]
[Black "Gillan, Rahma"]
[Result "1/2-1/2"]
[WhiteElo "1489"]
[BlackElo "1416"]
[PlyCount "116"]
[EventDate "2016.08.07"]
[EventType "swiss"]
[EventRounds "9"]
[EventCountry "CAN"]

1. e4 e5 2. Nf3 Nc6 3. Bb5 d6 4. c3 Nf6 5. d3 Be7 6. h3 O-O 7. O-O a6 8. Ba4 b5
9. Bb3 Be6 10. Bc2 Re8 11. Re1 Bf8 12. d4 exd4 13. cxd4 Bc8 14. Bg5 h6 15. Bh4
Be7 16. Bg3 a5 17. a3 Nh7 18. d5 Na7 19. Nc3 Bd7 20. Nb1 Ng5 21. Nbd2 Rc8 22.
Rc1 c6 23. dxc6 Nxc6 24. Rb1 Be6 25. Ra1 Qd7 26. Rb1 Red8 27. Ra1 Bf6 28. Nxg5
Bxg5 29. Bb3 d5 30. exd5 Bxd5 31. Bxd5 Qxd5 32. Nf3 Qxd1 33. Raxd1 Bf6 34. Rb1
Nd4 35. Nxd4 Rxd4 36. Re2 a4 37. Kf1 Rd7 38. Be5 Bxe5 39. Rxe5 Rb8 40. Rc1 Rd2
41. Re2 Rbd8 42. Ke1 R2d5 43. Rec2 Kf8 44. Rc5 Re8+ 45. Kf1 Red8 46. R5c2 Rd2
47. Ke1 R2d5 48. Re2 R8d7 49. Rc8+ Rd8 50. Rxd8+ Rxd8 51. Re3 Re8 52. Ke2 Rxe3+
53. Kxe3 Ke7 54. Ke4 Ke6 55. h4 h5 56. f3 g6 57. g3 f6 58. f4 f5+ 1/2-1/2